| 000 | 00556nam a22001937a 4500 | ||
|---|---|---|---|
| 003 | BUBTL | ||
| 008 | 181218b xxu||||| |||| 00| 0 eng d | ||
| 020 | _a0-07-096570-6 | ||
| 082 | _bRAM | ||
| 100 |
_92085 _aRaghavachari, M |
||
| 245 |
_aMathematics for Management/An Introduction _cM. Raghavachari |
||
| 260 |
_aNew Delhi _bTata Mc Graw Hill _c1980 |
||
| 300 |
_a[xiii] , 446p . : _bTable ; 22cm.+ |
||
| 500 | _aIncludes Index . | ||
| 650 | 0 |
_9124 _aMathematics |
|
| 856 |
_k0 _l0 _yDownload |
||
| 942 |
_2ddc _cBK |
||
| 999 |
_c5843 _d5843 |
||